009840000a220012100045001000018000002450035000183000036000535200600000897730058006899420008007479520090007559990017008451 aPixley, Jorge10aEl fin del mundo : Mateo 24-25 aNum. 27 (1997), Páginas 82-95 aUn análisis de la colocación del discurso escatológico dentro del evangelio de Mateo revela la importancia que se le atribuye. Un estudio de los contenidos del discurso muestra que Mateo ha alterado el discurso, en parte mediante la introducción de materiales de Q pero principalmente con la expansión de materiales exclusivos de Mateo. Estas alteraciones tienen el efecto de hacer de la espera de la Parusía una espera activa y de dar a la Venida del Señor el contenido específico de un Juicio sobre los hechos de justicia y misericordia hechos a las personas más necesitadas.0 tRevista de Interpretación Bíblica Latinoamericana cANA 001040708HEMaFUSBCbFUSBCd2016-01-26l0o r2016-01-26 00:00:00w2016-01-26yANA c52497d52497